00902 a2200229 4500003000500000005001700005010001700022020002800039020002300067040000900090082001200099245009000111260005300201300003300254505023000287650004300517650002700560650002700587650002000614651001100634700002700645Nust20170207154021.0 a 2002156243 a159140102X (hard cover) a1591401100 (ebook) cNust00a371.33400aWeb-based education (E-BOOK)blearning from experience /c[edited by] Anil Aggarwal. aHershey, PA :bInformation Science Pub.,cc2003. axv, 469 p. :bill. ;c26 cm. aPart I. WBE: An Overview, Current and Future Part II. WBE: Enhancing Technologies Part III. WBE: Design Issues Part IV. WBE: Diffusion Across Disciplines and Communities Part V. WBE: Diffusion Across Boundaries (Case Studies) 0aEducationxComputer network resources. 0aExperiential learning. 0aInternet in education. 0aWorld Wide Web. aE-BOOK1 aAggarwal, Anil,d1949-